Normal view
MARC view
- Li, Binbin.
Entry Personal Name
001 - CONTROL NUMBER
- control field: 52943
003 - CONTROL NUMBER IDENTIFIER
- control field: OSt
005 - DATE AND TIME OF LATEST TRANSACTION
- control field: 20240222122828.0
008 - FIXED-LENGTH DATA ELEMENTS
- fixed length control field: 240222|| aca||aabn | a|a d
040 ## - CATALOGING SOURCE
- Original cataloging agency: OSt
- Transcribing agency: OSt
100 ## - HEADING--PERSONAL NAME
- Personal name: Li, Binbin.
- Relator term: author.
670 ## - SOURCE DATA FOUND
- Source citation: Work cat.: (OSt): Xu, Zigao. author. 52942, MMC admittance model simplification based on signal-flow graph /, May 2022.
